Portugalsko - vzdialený blízky partner

Návšteva prezidenta Ivana Gašparoviča v Portugalsku. Podnikateľská misia sprevádzajúca návštevu hlavy štátu. Ekonomické väzby, ktoré majú tendenciu rýchleho rastu. Hodnotenie doterajších vzťahov. Portugalské firmy v investovaní na Slovensku aktívnejšie. Perspektívy bilaterálnej spolupráce. Portugals...

Ausführliche Beschreibung

Gespeichert in:
Bibliographische Detailangaben
1. Verfasser: Filin, Juraj
Format: Buchkapitel
Sprache:Slowakisch
Schlagworte:
Tags: Tag hinzufügen
Keine Tags, Fügen Sie das erste Tag hinzu!

MARC

LEADER 00000naa$a2200000$$$4500
001 0039228
005 20231006121202.0
041 0 |a slo 
044 |a SK 
245 1 0 |a Portugalsko - vzdialený blízky partner  |c Juraj Filin 
520 |a Návšteva prezidenta Ivana Gašparoviča v Portugalsku. Podnikateľská misia sprevádzajúca návštevu hlavy štátu. Ekonomické väzby, ktoré majú tendenciu rýchleho rastu. Hodnotenie doterajších vzťahov. Portugalské firmy v investovaní na Slovensku aktívnejšie. Perspektívy bilaterálnej spolupráce. Portugalské investície v SR. 
610 2 0 |a spolupráca cezhraničná 
610 2 0 |a spolupráca hospodárska medzinárodná 
610 2 0 |a podnikanie 
610 2 0 |a podnikatelia 
610 2 0 |a investície 
610 2 0 |a investori 
610 2 0 |a Slovensko 
610 2 0 |a Portugalsko 
610 2 0 |a Európska únia 
100 1 |a Filin, Juraj